Missing Word: Biblical Movie Titles Quiz Stats

 Plays Quiz Updated Jan 14, 2012

Support Sporcle.
Go Orange.
Score 0/16 Timer 02:00
1 Play Today
Movie Title Bible Book % Correct
_____ PanPeter
95.9%
_____ and the Giant PeachJames
90.6%
Cool Hand ____Luke
86.7%
The __________ of Narnia: The Lion, The Witch, and The WardrobeChronicles
86.6%
The Italian ___Job
80.9%
____ Paul JonesJohn
80.7%
The Babe ____ StoryRuth
74.5%
Murder by _______Numbers
56.8%
Movie Title Bible Book % Correct
The ____ of ZorroMark
54%
The Devil and ______ WebsterDaniel
47.1%
____ of ContritionActs
45.6%
______ TreeJoshua
36.7%
Project _______Genesis
32.5%
The Mambo ______Kings
29.8%
____ & AndrewAmos
20.5%
________ JohnsonJeremiah
16.8%

Today's Daily Dose

You're not logged in!

Compare scores with friends on all Sporcle quizzes.
OR
Log In

From the Vault

Politicians on 'SNL'

by qlh27

If you can't laugh at politicians, who can you laugh at?
Remove Ads.
Support Sporcle.
Get the best of Sporcle when you Go Orange. This ad-free experience offers more features, more stats, and more fun while also helping to support Sporcle. Thank you for becoming a member.

Show Comments

Extras

Top Quizzes Today


Score Distribution

Your Account Isn't Verified!

In order to create a playlist on Sporcle, you need to verify the email address you used during registration. Go to your Sporcle Settings to finish the process.

Report this User

Report this user for behavior that violates our Community Guidelines.

Details: